[Event "ICS rated blitz match"]
[Site "204.178.125.65"]
[Date "1999.09.02"]
[Round "?"]
[White "VESta"]
[Black "Hossa"]
[Result "0-1"]
[WhiteElo "2208"]
[BlackElo "2524"]
[PlyCount "60"]
[EventDate "1999.??.??"]

1. e4 c6 2. d4 d5 3. e5 e6 4. Nf3 Nd7 5. c3 Be7 6. Bd3 b6 7. O-O Nb8 8. Re1 Ba6
9. Bc2 c5 10. Nbd2 Nc6 11. Nf1 Rc8 12. Ng3 cxd4 13. cxd4 Bb4 14. Bd2 Bxd2 15.
Qxd2 Nge7 16. a3 h6 17. Nh5 O-O 18. Rad1 Na5 19. Bb1 Nb3 20. Qf4 Ng6 21. Qg4
Qe8 22. h4 Rc6 23. Re3 Na5 24. Nd2 Nc4 25. Nxc4 Bxc4 26. Rg3 Bb5 27. Nxg7 Kxg7
28. h5 Ba4 29. hxg6 Bxd1 30. f3 30... f6 {VESta resigns} 0-1

[Event "ICS rated blitz match"]
[Site "204.178.125.65"]
[Date "1999.09.24"]
[Round "?"]
[White "VESta"]
[Black "Hossa"]
[Result "0-1"]
[WhiteElo "2108"]
[BlackElo "2427"]
[PlyCount "26"]
[EventDate "1999.??.??"]

1. d4 Nf6 2. c4 e6 3. Nf3 b6 4. a3 Be7 5. Nc3 O-O 6. d5 exd5 7. cxd5 Re8 8. e4
c6 9. d6 Bf8 10. e5 Ng4 11. Bf4 Qf6 12. Bg5 Nxe5 13. Nxe5 13... Qxg5 {
VESta resigns} 0-1

[Event "ICS rated blitz match"]
[Site "204.178.125.65"]
[Date "1999.08.28"]
[Round "?"]
[White "VESta"]
[Black "Hossa"]
[Result "1/2-1/2"]
[WhiteElo "2209"]
[BlackElo "2494"]
[PlyCount "176"]
[EventDate "1999.??.??"]

1. d4 Nf6 2. Nf3 g6 3. c4 Bg7 4. Nc3 O-O 5. e4 d6 6. Be2 Bg4 7. O-O e5 8. dxe5
dxe5 9. Qxd8 Rxd8 10. Bg5 Nbd7 11. h3 Bxf3 12. Bxf3 c6 13. Rad1 Nc5 14. Rxd8+
Rxd8 15. Bxf6 Bxf6 16. Rd1 Rd4 17. b3 a5 18. Kf1 a4 19. Rxd4 exd4 20. Nxa4 Nxa4
21. bxa4 Kg7 22. Ke2 h5 23. Kd3 Kf8 24. a5 Ke7 25. a6 bxa6 26. e5 Bxe5 27. Bxc6
f5 28. a4 a5 29. Bd5 g5 30. Bf3 g4 31. hxg4 fxg4 32. Be4 Kd6 33. g3 Bf6 34. Bg6
h4 35. gxh4 Bxh4 36. Bf5 Bxf2 37. Bxg4 Kc5 38. Bd7 Bg3 39. Bb5 Bb8 40. Bd7 Bf4
41. Be8 Be5 42. Bd7 Bc7 43. Be8 Bf4 44. Bd7 Bg5 45. Be8 Bd8 46. Bd7 Bb6 47. Be8
Kb4 48. Bd7 Bc5 49. Be8 Ka3 50. Bd7 Kb3 51. Bc6 Bb6 52. Bb5 Ba7 53. Bc6 Kb4 54.
Bd7 Kc5 55. Be8 Bb6 56. Bd7 Kd6 57. Bb5 Ba7 58. Be8 Ke5 59. Bd7 Bc5 60. Bc6 Kf5
61. Bb5 Kf4 62. Bc6 Bb6 63. Bb5 Kf5 64. Bc6 Ke5 65. Bb5 Kf4 66. Bc6 Bc5 67. Bb5
Ba7 68. Bc6 Kg3 69. Bb5 Kf2 70. Bc6 Bc5 71. Bb5 Ke1 72. Bc6 Bb6 73. Bd5 Kd1 74.
Be6 Kc1 75. Bd5 Kb1 76. Bc6 Kb2 77. Bb5 Ka3 78. Bc6 Ba7 79. Bd7 Ka2 80. Bc6 Kb1
81. Bd7 Kb2 82. Bc6 Kb3 83. Bd7 Ka3 84. Be8 Kb2 85. Bd7 Ka3 86. Bc6 Kb3 87. Bb5
Bc5 88. Bc6 88... Kb4 {Game drawn by the 50 move rule} 1/2-1/2

[Event "ICS rated blitz match"]
[Site "204.178.125.65"]
[Date "1999.09.10"]
[Round "?"]
[White "VESta"]
[Black "Hossa"]
[Result "1-0"]
[WhiteElo "2107"]
[BlackElo "2477"]
[PlyCount "79"]
[EventDate "1999.??.??"]

1. d4 d5 2. c4 c6 3. e3 Bf5 4. Nc3 e6 5. Nf3 Bd6 6. Bd3 Bxd3 7. Qxd3 Ne7 8. O-O
O-O 9. e4 Na6 10. e5 Bb4 11. Ng5 Nf5 12. Qh3 h6 13. Nf3 dxc4 14. a3 Ba5 15. Be3
Nc7 16. g4 Nxe3 17. fxe3 c5 18. Rad1 Bxc3 19. bxc3 Nd5 20. dxc5 Qa5 21. g5 Nxe3
22. gxh6 Nxd1 23. Rxd1 g6 24. h7+ Kg7 25. Qh4 Qxc5+ 26. Rd4 Qb6 27. Qf6+ Kxh7
28. Kg2 Qxd4 29. cxd4 Kg8 30. h4 c3 31. h5 gxh5 32. Qg5+ Kh7 33. Qxh5+ Kg7 34.
Ng5 Rh8 35. Qxf7+ Kh6 36. Qf6+ Kh5 37. Nxe6 Rhg8+ 38. Kf3 Rg3+ 39. Kxg3 Rf8 40.
Ng7# {Hossa checkmated} 1-0

[Event "ICS rated blitz match"]
[Site "204.178.125.65"]
[Date "1999.08.29"]
[Round "?"]
[White "VESta"]
[Black "Hossa"]
[Result "0-1"]
[WhiteElo "2246"]
[BlackElo "2447"]
[PlyCount "62"]
[EventDate "1999.??.??"]

1. e4 c5 2. Nf3 Nc6 3. Bb5 e5 4. O-O d6 5. c3 Bg4 6. h3 Bxf3 7. Qxf3 Nf6 8. d3
a6 9. Bxc6+ bxc6 10. Bg5 Be7 11. Na3 O-O 12. Rad1 d5 13. Bxf6 Bxf6 14. Rfe1 Rb8
15. b3 Qa5 16. Nb1 Qxa2 17. exd5 cxd5 18. Qxd5 Rxb3 19. Qxc5 Rb2 20. Rf1 Rfb8
21. Qa3 Qe6 22. c4 R8b3 23. Qa5 g6 24. Nc3 Bh4 25. Nd5 Rc2 26. Ne3 Re2 27. Nd5
Rbb2 28. g3 Bxg3 29. Qd8+ Kg7 30. Qf6+ Qxf6 31. Nxf6 31... Bxf2+ {VESta resigns
} 0-1

[Event "ICS rated blitz match"]
[Site "204.178.125.65"]
[Date "1999.09.06"]
[Round "?"]
[White "VESta"]
[Black "Hossa"]
[Result "0-1"]
[WhiteElo "2238"]
[BlackElo "2449"]
[PlyCount "64"]
[EventDate "1999.??.??"]

1. d4 Nf6 2. c4 e6 3. g3 Bb4+ 4. Bd2 Be7 5. Bg2 O-O 6. Nf3 d5 7. O-O dxc4 8.
Qc2 c5 9. Qxc4 cxd4 10. Qxd4 Nc6 11. Qxd8 Rxd8 12. Bg5 e5 13. Nc3 Bg4 14. h3
Be6 15. Rfd1 h6 16. Be3 Bb4 17. Nb5 Rxd1+ 18. Rxd1 Bxa2 19. Ra1 Bc4 20. Nc3
Bxc3 21. bxc3 Nd5 22. Bd2 Bxe2 23. Nxe5 Nxe5 24. Bxd5 Rd8 25. c4 Bxc4 26. Bxc4
Nf3+ 27. Kg2 Nxd2 28. Rxa7 Nxc4 29. Rxb7 Rd2 30. Rc7 Ne5 31. Rc8+ Kh7 32. Rc5
32... Rxf2+ {VESta resigns} 0-1

[Event "ICS rated blitz match"]
[Site "204.178.125.65"]
[Date "1999.09.14"]
[Round "?"]
[White "VESta"]
[Black "Hossa"]
[Result "1-0"]
[WhiteElo "2046"]
[BlackElo "2394"]
[PlyCount "131"]
[EventDate "1999.??.??"]

1. e4 c5 2. c3 d5 3. exd5 Qxd5 4. d4 Bf5 5. Nf3 Nc6 6. Be2 cxd4 7. cxd4 Bxb1 8.
Rxb1 Qxa2 9. Be3 Qa5+ 10. b4 Nxb4 11. Bd2 e6 12. Qb3 Rc8 13. O-O Nf6 14. Bxb4
Bxb4 15. Qxb4 Qxb4 16. Rxb4 b6 17. Ra1 Nd5 18. Bb5+ Kd8 19. Rc4 Rxc4 20. Bxc4
a5 21. Ne5 Rf8 22. Bxd5 exd5 23. Rb1 f6 24. Nd3 Kc7 25. Kf1 Rg8 26. Ke2 Kc6 27.
Kd2 Rb8 28. Rc1+ Kd6 29. Ra1 Rb7 30. Kc3 Ra7 31. Rb1 Kc6 32. h4 b5 33. Kb3 Rb7
34. Rc1+ Kd6 35. Rc5 g5 36. hxg5 fxg5 37. Ne5 h6 38. Rc6+ Ke7 39. Rxh6 Kf8 40.
Rd6 Ke7 41. Rxd5 Ke6 42. Rc5 Kd6 43. Nd3 g4 44. Rg5 Rb8 45. Rxg4 Kd5 46. Rf4
Rc8 47. g4 Rc4 48. g5 Rc6 49. Rf6 Rc4 50. g6 a4+ 51. Kb2 Rc8 52. g7 Rg8 53. Rg6
Kxd4 54. Nb4 a3+ 55. Kxa3 Kc4 56. Nc6 Kd3 57. Ne7 Ra8+ 58. Kb3 Ke2 59. g8=Q Ra4
60. Qe6+ Kf1 61. Qh3+ Ke2 62. Re6+ Kxf2 63. Qe3+ Kg2 64. Rg6+ Rg4 65. Rxg4+ Kf1
66. Rg1# {Hossa checkmated} 1-0

[Event "ICS rated blitz match"]
[Site "204.178.125.65"]
[Date "1999.09.13"]
[Round "?"]
[White "VESta"]
[Black "Hossa"]
[Result "0-1"]
[WhiteElo "2110"]
[BlackElo "2405"]
[Annotator "Steffen A. Jakob"]
[PlyCount "130"]
[EventDate "1999.??.??"]

1. d4 d5 2. c4 dxc4 3. e3 b5 ({RR} 3... g6 4. Bxc4 Bg7 5. Qb3 Nh6 6. Nf3 O-O 7.
O-O Nc6 8. Bd2 a5 9. Bc3 a4 10. Qa3 Bg4 11. Nbd2 Nf5 12. Ne5 Nxe5 13. dxe5 Nh6
14. f3 Bf5 15. e4 Bc8 16. Rfd1 c6 17. Qc5 Qc7 18. Nf1 {
Ardiansyah,H-Blow,R/Thessaloniki olm 1984/BIG 80/1-0 (36)}) 4. a4 ({RR} 4. Nc3
4... c6 5. Nf3 Bg4 6. Be2 Bxf3 7. Bxf3 e6 8. O-O Bd6 9. g3 Nf6 10. Bd2 O-O 11.
Rc1 Nbd7 12. Bxc6 Rb8 13. Nxb5 a6 14. Nxd6 Qb6 15. Bxd7 Qxd6 16. Ba4 Rxb2 17.
a3 Qxa3 18. Rxc4 Qd3 19. Rc6 Rxd2 20. Qc1 h6 21. Rc3 Qe2 22. Qb1 Ne4 23. Qb4
Qf3 24. h4 24... Nxg3 {
0-1 Tuzine,O-Nielsen,M/WchJW-U12 St.Lorenzo 1995/JUN 95 (24)}) 4... e5 $146 ({
RR} 4... c6 5. axb5 cxb5 6. Qf3 Nc6 7. Qxc6+ Bd7 8. Qf3 e6 9. g3 Ne7 10. Qe2
Bc6 11. Nf3 g6 12. Bg2 Bg7 13. O-O a5 14. Na3 Rb8 15. Bd2 Be4 16. Ne1 Bd5 17.
Nec2 Qc7 18. e4 Bc6 19. Bf4 {
Mariezkurrena,I-Perez,G/Mesa op 1992/TD 92\09/1-0 (41)}) 5. axb5 (5. Qf3 c6 (
5... Bb4+ 6. Bd2 Bxd2+ 7. Nxd2 c6 8. axb5 $18) 6. axb5 Qd5 7. bxc6 Qxc6 8. dxe5
$18) 5... Bb7 6. dxe5 Qxd1+ 7. Kxd1 Nd7 8. f4 Bc5 9. Nf3 Ne7 10. Bxc4 Nb6 11.
b3 Nxc4 12. bxc4 c6 13. Nc3 Rd8+ 14. Ke2 cxb5 15. Nxb5 Nf5 16. Ba3 Bb6 17. Nd6+
Nxd6 18. Bxd6 Rd7 19. Rhd1 Be4 20. c5 Bd8 21. Rd4 Bc6 22. Kf2 Rb7 23. Rad1 Ba5
24. f5 Rb2+ 25. Kg3 a6 26. e6 fxe6 27. fxe6 h5 28. h4 Rh6 29. e4 Rxe6 30. Ng5
Rg6 31. Rf1 Rf6 32. Rdd1 Bd2 33. Be5 Rxf1 34. Rxf1 Rb3+ 35. Nf3 Bxe4 36. Bxg7
a5 37. Rd1 Bb4 38. Bd4 a4 39. Kf4 Bd5 40. Ke5 Bxf3 41. gxf3 Rxf3 42. c6 Ke7 43.
Kd5 Rf5+ 44. Kc4 Bd6 45. Ra1 a3 46. c7 Kd7 47. Bb6 Kc8 48. Re1 Rf4+ 49. Kd5
Bxc7 50. Rc1 Rf7 51. Bxc7 Rxc7 52. Ra1 Rc3 53. Kd4 Rf3 54. Ke4 Rh3 55. Kf5 Rg3
56. Kf4 Rg4+ 57. Kf5 Ra4 58. Kg5 Ra5+ 59. Kg6 a2 60. Rc1+ Kd7 61. Ra1 Ke6 62.
Kh6 Kf6 63. Rf1+ Ke5 64. Re1+ Kd4 65. Ra1 65... Kc3 {VESta resigns} 0-1

[Event "ICS rated blitz match"]
[Site "204.178.125.65"]
[Date "1999.09.14"]
[Round "?"]
[White "VESta"]
[Black "Hossa"]
[Result "0-1"]
[WhiteElo "2086"]
[BlackElo "2374"]
[PlyCount "79"]
[EventDate "1999.??.??"]

1. e4 e5 2. Nc3 Nf6 3. Nf3 Nc6 4. g3 Bb4 5. Bg2 d6 6. O-O Bg4 7. h3 Bh5 8. d3
O-O 9. Bg5 Bxc3 10. bxc3 h6 11. Be3 d5 12. g4 dxe4 13. Nh4 Nd5 14. Nf5 Bg6 15.
Bxe4 Nxc3 16. Qf3 Nxe4 17. dxe4 Bxf5 18. gxf5 Nd4 19. Qg2 Qd6 20. Rad1 Rad8 21.
Kh1 Qf6 22. f4 exf4 23. Bxf4 c5 24. e5 Qc6 25. Qxc6 Nxc6 26. c3 Rfe8 27. Rxd8
Rxd8 28. Rb1 Rd3 29. Rxb7 Rxh3+ 30. Kg2 Rxc3 31. e6 Rc2+ 32. Kg3 fxe6 33. fxe6
Rxa2 34. Rc7 Nd4 35. e7 Kf7 36. Be5 g6 37. Rxc5 Nf5+ 38. Kf4 Nxe7 39. Rc7 Ke6
40. Bg7 {VESta resigns} 0-1

[Event "ICS rated blitz match"]
[Site "204.178.125.65"]
[Date "1999.09.30"]
[Round "?"]
[White "VESta"]
[Black "Hossa"]
[Result "0-1"]
[WhiteElo "2113"]
[BlackElo "2462"]
[Annotator "Fritz 5.32 (20s)"]
[PlyCount "152"]
[EventDate "1999.??.??"]

1. d4 Nf6 2. c4 e6 3. Nf3 d5 4. cxd5 exd5 5. Nc3 Be7 6. Bf4 Nh5 (6... O-O 7.
Qc2 c5 8. e3 cxd4 9. Nxd4 Nc6 10. Rd1 Nxd4 11. Rxd4 Be6 12. Be2 Rc8 13. Bf3 Qa5
14. Ra4 Qb6 15. Be5 Ne4 16. O-O Nxc3 17. bxc3 a6 18. Rd1 Rfd8 19. Rad4 Bc5 20.
Rh4 h6 21. Qd2 {Smyslov,V-Large,P/London 1989/TD/ - (74)}) 7. Bc1 $146 (7. Be5
Nc6 8. e3 Nxe5 9. Nxe5 Nf6 10. Bd3 O-O 11. O-O c6 12. Qc2 Bd6 13. f4 c5 14.
Rad1 cxd4 15. exd4 a6 16. Qb3 b5 17. Be2 Bb7 18. Bf3 Be7 19. a3 {
- Polak,T-Cicak,S/Prievidza 1996/EXT 99 (19)}) 7... O-O 8. g3 {Befestigt f4+h4}
8... Nf6 9. Bg2 Nc6 10. O-O (10. Ne5 10... Re8 $11) 10... Ne4 11. Bf4 11... Bb4
{Schwarz geht zum Angriff ueber} 12. Rc1 Re8 13. Qb3 $15 (13. Nxe4 dxe4 (13...
Rxe4 $143 14. Ne5 $16) 14. Ng5 14... Qd5 $11) 13... Bxc3 14. bxc3 {
Kontrolliert b4} 14... Rb8 $11 (14... g5 15. Be3 $15) 15. Ne5 $15 (15. c4 Be6
16. cxd5 Bxd5 17. Bxc7 17... Qd7 $14) 15... Nxe5 16. Bxe5 (16. dxe5 Be6 17. Qa3
17... c6 $11) 16... Nd2 17. Qxd5 Qxd5 ({Jedoch nicht} 17... Nxf1 18. Qxd8 $1 {
bringt Weiss in Vorteil} 18... Rxd8 19. Bxc7 Nxg3 20. hxg3 $16) 18. Bxd5 Nxf1
19. Bxc7 {Der Freibauer d4 greift sofort ein} 19... Nxg3 20. hxg3 Ra8 21. e4
Re7 22. Bf4 $15 (22. Bd6 $5 $142 {ist nicht von der Hand zu weisen} 22... Rd7
23. e5 $11) 22... Be6 23. Rb1 $19 (23. Bxe6 $5 {steht zur Diskussion} 23...
Rxe6 24. f3 $15) 23... Bxd5 24. exd5 Rc8 25. d6 Rd7 26. Rb3 Rc4 27. Kf1 Kf8 28.
Ke2 a6 29. Kd3 Ra4 30. Rb2 b5 31. Re2 Rc4 32. Rb2 (32. Bc1 32... f5 $17 (32...
Rxd6 $143 33. Ba3 Rcc6 34. Bxd6+ Rxd6 35. c4 $14)) 32... h6 (32... h5 33. f3
$17) 33. g4 33... f5 $15 (33... Ke8 34. f3 $17) 34. gxf5 Rf7 35. f6 $17 (35.
Re2 $5 $15 {muss unbedingt geprueft werden}) 35... Rxf6 36. Be5 Rf3+ 37. Ke4
Rf7 38. f4 Rxc3 39. a4 Rb7 40. axb5 axb5 (40... Rxb5 41. Rg2 Rc8 42. Bxg7+ (42.
Rxg7 $2 42... Rxe5+ 43. dxe5 43... Kxg7 $19) 42... Kf7 43. Be5 $14) 41. d5 Rc1
42. Rb4 (42. Kf5 42... h5 $19) 42... Rd1 (42... g6 43. Rb3 $19) 43. Bd4 h5 44.
Bc5 Ke8 45. Ke5 (45. Rb3 45... g6 $19) 45... Rc1 (45... Kd7 {
erleichterte Schwarz die Gewinnfuehrung} 46. Bf2 $19) 46. Bd4 (46. Bf2 46...
Kd7 $19) 46... Kd7 47. Rb2 (47. Bf2 Rc2 48. Bg3 Re2+ 49. Kd4 49... Rb8 $19)
47... Re1+ 48. Kf5 Kxd6 49. Be5+ Kxd5 50. Rd2+ Kc4 51. Rc2+ Kd3 52. Rh2 (52.
Rc3+ {aendert den traurigen Lauf der Dinge nicht} 52... Ke2 $19) 52... Rg1 53.
Rh3+ Kc4 54. Rc3+ Kb4 55. Rd3 Ka4 56. Rd6 (56. Bd4 {nuetzt auch nichts mehr}
56... Rh1 $19) 56... b4 57. Ke4 h4 58. Ra6+ Kb3 59. Rd6 Re7 (59... Rh1 {
ginge schneller} 60. Rd3+ Ka4 61. Rd4 $19) 60. Rd3+ Ka4 61. Rh3 g5 62. Kd4 (62.
Kf5 {waere gleichermassen fruchtlos} 62... b3 63. Rh2 63... gxf4 $19) 62... Rg4
(62... gxf4 $5 $142 {waere im Gewinnsinne praeziser} 63. Bd6 Rd1+ 64. Kc5 $19)
63. Kd5 gxf4 64. Kd6 Rf7 (64... Re8 $5 {laesst dem Gegner kaum Chancen} 65. Rh1
Kb5 66. Bf6 $19) 65. Ke6 Rf8 66. Kd5 (66. Ke7 {
lenkt den Gegner vielleicht noch ab} 66... Rf5 67. Ke6 $19) 66... Rg5 (66... f3
$142 {ist der schnellste Weg} 67. Bd4 Rd8+ 68. Ke5 Rgxd4 69. Rxf3 $19) 67. Ke4
(67. Rxh4 {aendert nichts am Ausgang der Partie} 67... Re8 68. Rxf4 Rgxe5+ 69.
Kd4 Re4+ 70. Rxe4 Rxe4+ 71. Kxe4 71... b3 $19) 67... Re8 68. Kxf4 Rgxe5 69.
Rxh4 (69. Kg4 $19 {haette noch versucht werden koennen}) 69... Re4+ 70. Kg5
70... Rxh4 {Es droht Matt} 71. Kxh4 (71. Kf5 {
kann das Vorangegangene nicht ungeschehen machen} 71... Rhe4 72. Kf6 Rf8+ 73.
Kg5 Ref4 74. Kh6 Rg4 75. Kh5 Rfg8 76. Kh6 Rh4#) 71... Rg8 72. Kh5 b3 73. Kh6
Rg2 74. Kh7 (74. Kh5 {macht keinen grossen Unterschied} 74... b2 75. Kh4 b1=Q
76. Kh5 Qh7#) 74... b2 75. Kh6 b1=Q 76. Kh5 Qh1# (76... Qh7#) 0-1

[Event "ICS rated blitz match"]
[Site "204.178.125.65"]
[Date "1999.08.28"]
[Round "?"]
[White "VESta"]
[Black "Hossa"]
[Result "1/2-1/2"]
[WhiteElo "2198"]
[BlackElo "2489"]
[PlyCount "84"]
[EventDate "1999.??.??"]

1. d4 d5 2. c4 e6 3. cxd5 exd5 4. Nc3 Bb4 5. Nf3 Ne7 6. Bf4 O-O 7. e3 Ng6 8.
Bg3 c5 9. Be2 cxd4 10. Nxd4 Bxc3+ 11. bxc3 Re8 12. O-O Ne5 13. Qb3 Nbc6 14.
Rfd1 Na5 15. Qc2 Bg4 16. Bxg4 Nxg4 17. Nf5 Nf6 18. Bh4 Re5 19. Rd4 Kh8 20. Rad1
Nc6 21. Bxf6 Qxf6 22. Rxd5 Rxd5 23. Rxd5 g6 24. Ng3 Re8 25. h3 Qh4 26. Qd3 Re7
27. Rd7 Rxd7 28. Qxd7 Qe7 29. Qxe7 Nxe7 30. Kf1 Nd5 31. Ne4 f5 32. Nd6 Nxc3 33.
Nxb7 Nxa2 34. Ke2 Kg7 35. Kd2 Kf6 36. Nc5 Ke7 37. Nd3 Kd6 38. Kc2 Kd5 39. Kb3
Ke4 40. Nc5+ Kd5 41. Nd3 Ke4 42. Nc5+ 42... Kd5 {Game drawn by mutual agreement
} 1/2-1/2

[Event "ICS rated blitz match"]
[Site "204.178.125.65"]
[Date "1999.09.04"]
[Round "?"]
[White "VESta"]
[Black "Hossa"]
[Result "0-1"]
[WhiteElo "2171"]
[BlackElo "2464"]
[PlyCount "62"]
[EventDate "1999.??.??"]

1. d4 d5 2. c4 e6 3. cxd5 exd5 4. Nc3 Bb4 5. Nf3 Ne7 6. Bf4 O-O 7. e3 Ng6 8.
Bg3 c5 9. Bd3 cxd4 10. exd4 Re8+ 11. Be2 Bd7 12. O-O Bxc3 13. bxc3 Nc6 14. Rb1
b6 15. Bb5 Na5 16. Bxd7 Qxd7 17. h4 Qc6 18. h5 Ne7 19. Qd3 Qh6 20. Rfe1 Nc4 21.
Ne5 Nxe5 22. Rxe5 f6 23. Re6 Qxh5 24. Rbe1 Nc6 25. Qe3 Rec8 26. Rd6 Kf8 27. Rd7
Re8 28. Bd6+ Kg8 29. Be7 Qf5 30. Rc7 Rac8 31. Rxc8 31... Qxc8 {VESta resigns}
0-1

[Event "ICS rated blitz match"]
[Site "204.178.125.65"]
[Date "1999.08.31"]
[Round "?"]
[White "VESta"]
[Black "Hossa"]
[Result "1/2-1/2"]
[WhiteElo "2247"]
[BlackElo "2566"]
[PlyCount "74"]
[EventDate "1999.??.??"]

1. d4 f5 2. Nf3 Nf6 3. g3 g6 4. Bg2 Nc6 5. d5 Na5 6. O-O Bg7 7. Nfd2 O-O 8. c4
d6 9. Nc3 Ng4 10. Qc2 f4 11. b3 fxg3 12. hxg3 Bd4 13. Nf3 Bf5 14. Qd2 Bg7 15.
Bb2 e5 16. dxe6 Nc6 17. Nd5 Bxb2 18. Qxb2 Bxe6 19. Nd4 Nxd4 20. Qxd4 c6 21. Nf4
Bc8 22. Rad1 Rf6 23. Rd2 Bd7 24. Rfd1 Qe7 25. e3 Ne5 26. Nd3 Bg4 27. Nxe5 Bxd1
28. Nxc6 bxc6 29. Rxd1 Kh8 30. Bxc6 Raf8 31. Rd2 Qc7 32. Bg2 a6 33. Qd5 Qb6 34.
Qc6 Qa5 35. Qd5 Qb6 36. Qc6 Qa5 37. Qd5 37... Qb6 {
Game drawn by mutual agreement} 1/2-1/2

[Event "ICS rated blitz match"]
[Site "204.178.125.65"]
[Date "1999.09.03"]
[Round "?"]
[White "VESta"]
[Black "Hossa"]
[Result "0-1"]
[WhiteElo "2159"]
[BlackElo "2553"]
[PlyCount "38"]
[EventDate "1999.??.??"]

1. d4 f5 2. Nf3 Nf6 3. g3 g6 4. Bg2 Nc6 5. O-O Bg7 6. d5 Na5 7. Nc3 Nc4 8. b3
Ne4 9. Nxe4 Bxa1 10. Neg5 Nd6 11. c4 Bf6 12. Qc2 h6 13. Nh3 g5 14. c5 Ne4 15.
Nd2 Nxd2 16. Bxd2 e6 17. e4 e5 18. exf5 g4 19. Qd1 19... h5 {VESta resigns} 0-1

[Event "ICS rated blitz match"]
[Site "204.178.125.65"]
[Date "1999.08.31"]
[Round "?"]
[White "VESta"]
[Black "Hossa"]
[Result "1/2-1/2"]
[WhiteElo "2244"]
[BlackElo "2556"]
[PlyCount "108"]
[EventDate "1999.??.??"]

1. e4 c5 2. Nf3 Nc6 3. Bb5 e5 4. c3 Nf6 5. Bxc6 dxc6 6. Nxe5 Bd6 7. Nc4 Bc7 8.
d3 b5 9. Ne3 c4 10. dxc4 Qxd1+ 11. Nxd1 Nxe4 12. O-O O-O 13. Be3 bxc4 14. f3
Nd6 15. Nd2 Bb6 16. Bxb6 axb6 17. Ne3 Be6 18. b3 cxb3 19. axb3 Rfd8 20. Rxa8
Rxa8 21. c4 b5 22. Rd1 Ra2 23. Ne4 Ne8 24. cxb5 cxb5 25. Nc5 Re2 26. Nd5 Bxd5
27. Rxd5 g6 28. Ne4 f5 29. Nc3 Re3 30. Nxb5 Rxb3 31. Nd6 Nxd6 32. Rxd6 Kg7 33.
Rd7+ Kh6 34. Kf2 Rb2+ 35. Kg1 g5 36. g3 g4 37. fxg4 fxg4 38. Rd4 Kg5 39. Rd5+
Kf6 40. Rd4 h5 41. Rd5 Kg6 42. Rd6+ Kf7 43. Rd5 Rb1+ 44. Kg2 Kg6 45. Rd6+ Kg5
46. Rd5+ Kh6 47. Rd6+ Kg7 48. Rd5 Rb2+ 49. Kg1 Kh6 50. Rd6+ Kh7 51. Rd5 Rb1+
52. Kg2 Rb2+ 53. Kg1 Rb1+ 54. Kg2 54... Rb2+ {Game drawn by mutual agreement}
1/2-1/2

[Event "ICS rated blitz match"]
[Site "204.178.125.65"]
[Date "1999.08.28"]
[Round "?"]
[White "VESta"]
[Black "Hossa"]
[Result "1/2-1/2"]
[WhiteElo "2214"]
[BlackElo "2469"]
[PlyCount "288"]
[EventDate "1999.??.??"]

1. e4 e5 2. Nf3 d6 3. d4 Nf6 4. dxe5 Nxe4 5. Bd3 Nc5 6. exd6 Nxd3+ 7. Qxd3 Bxd6
8. O-O O-O 9. Nc3 Nd7 10. Bg5 f6 11. Bh4 Nc5 12. Qd5+ Be6 13. Qh5 Qe8 14. Qxe8
Rfxe8 15. Rfe1 Bg4 16. Rxe8+ Rxe8 17. Re1 Rxe1+ 18. Nxe1 Be5 19. Bg3 Bxc3 20.
bxc3 Ne6 21. Nd3 Bd1 22. Nf4 Nxf4 23. Bxf4 c6 24. Kf1 Bxc2 25. Ke2 Be4 26. f3
Bd5 27. a3 Bc4+ 28. Ke3 b5 29. Bc7 Kf7 30. g3 Ke6 31. Kd4 Kd7 32. Bb8 a5 33.
Kc5 a4 34. Bd6 g6 35. Bf8 h5 36. Bg7 f5 37. Be5 Bd5 38. f4 Be6 39. Bf6 Bf7 40.
Be5 Bb3 41. Bf6 Be6 42. Be5 Bd5 43. Bd4 Ke6 44. Be5 Be4 45. Bd4 Bf3 46. Be3 Kd7
47. Bd4 Be4 48. Be5 Ke7 49. Bd4 Ke6 50. Be3 Bf3 51. Bd4 Bg2 52. Be3 Kd7 53. Bd4
Bf3 54. Be3 Be2 55. Bd4 Bd3 56. Be3 Bc2 57. Bd4 Bd1 58. Be3 Bb3 59. Bd4 Bc4 60.
Be3 Kc7 61. Bd4 Bg8 62. Be3 Bb3 63. Bd4 Bc4 64. Be3 Be2 65. Bd4 Kd7 66. Be3 Bc4
67. Bd4 Bg8 68. Be3 Ba2 69. Bd4 Bb1 70. Be3 Be4 71. Bd4 Bg2 72. Be3 Ke6 73. Bd4
Bh1 74. Be3 Kd7 75. Bd4 Ke7 76. Be3 Bf3 77. Bd4 Be4 78. Be3 Bg2 79. Bd4 Bf3 80.
Be3 Bd5 81. Bd4 Kf7 82. Be3 Be4 83. Bd4 Ke8 84. Be3 Kf8 85. Bd4 Bf3 86. Be3 Kf7
87. Bd4 Bh1 88. Be3 h4 89. Bf2 h3 90. Be3 Ke6 91. Bd4 Be4 92. Be5 g5 93. Bd4 g4
94. Be5 Bf3 95. Bd4 Kd7 96. Be5 Be2 97. Bd4 Bc4 98. Be5 Bd5 99. Bd4 Ke6 100.
Be5 Be4 101. Bd4 Bf3 102. Be5 Kd7 103. Bd4 Be4 104. Be5 Ke7 105. Bd4 Bf3 106.
Be5 Bd5 107. Bd4 Be4 108. Be5 Kd7 109. Bd4 Bg2 110. Be5 Bf1 111. Bd4 Be2 112.
Be5 Bc4 113. Bd4 Be6 114. Be5 Bb3 115. Bd4 Bd5 116. Be5 Be6 117. Bd4 Ba2 118.
Be5 Bg8 119. Bd4 Bb3 120. Be5 Bd1 121. Bd4 Bc2 122. Be5 Bd3 123. Bd4 Bb1 124.
Be5 Bc2 125. Bd4 Kc7 126. Be5+ Kb7 127. Bd4 Bb1 128. Be5 Ba2 129. Bd4 Kc7 130.
Be5+ Kd7 131. Bd4 Bg8 132. Be5 Bf7 133. Bd4 Kc7 134. Be5+ Kb7 135. Bd4 Bc4 136.
Be5 Bf1 137. Bd4 Be2 138. Be5 Bc4 139. Bd4 Bd3 140. Be5 Bb1 141. Bf6 Be4 142.
Be5 Bd3 143. Bg7 Kc7 144. Be5+ 144... Kb7 {Game drawn by the 50 move rule}
1/2-1/2

[Event "ICS rated blitz match"]
[Site "204.178.125.65"]
[Date "1999.09.04"]
[Round "?"]
[White "VESta"]
[Black "Hossa"]
[Result "0-1"]
[WhiteElo "2103"]
[BlackElo "2494"]
[PlyCount "128"]
[EventDate "1999.??.??"]

1. e4 c6 2. d4 d5 3. exd5 cxd5 4. c4 Nf6 5. Nc3 Bg4 6. Qb3 Nc6 7. Be3 Na5 8.
Qa4+ Bd7 9. Qc2 dxc4 10. Nf3 Ng4 11. O-O-O e6 12. d5 Nxe3 13. fxe3 Qb6 14. Nd4
Bb4 15. dxe6 Bxe6 16. Nxe6 Qxe3+ 17. Kb1 fxe6 18. Bxc4 Nxc4 19. Qa4+ Kf7 20.
Qxb4 Nd2+ 21. Ka1 Rhc8 22. Rhe1 Qh6 23. Nb5 Nc4 24. Nd6+ Nxd6 25. Qxd6 a5 26.
Qd7+ Kg8 27. a3 Qxh2 28. Qxe6+ Kh8 29. Rd7 Qxg2 30. Qf7 Rf8 31. Qe7 b5 32. Re2
Qg6 33. Re6 Rae8 34. Qxf8+ Rxf8 35. Rxg6 Rf1+ 36. Ka2 hxg6 37. Rd5 Rf5 38. Rd4
Kh7 39. Rh4+ Rh5 40. Rg4 a4 41. Kb1 Kh6 42. Kc2 Rh2+ 43. Kc3 Rh3+ 44. Kc2 Rh5
45. Kd3 Rd5+ 46. Ke4 Rd2 47. Rh4+ Kg5 48. Rh8 Rxb2 49. Rc8 b4 50. Rc5+ Kg4 51.
axb4 Rxb4+ 52. Ke3 a3 53. Ra5 Rb3+ 54. Ke4 g5 55. Ra7 g6 56. Ra4 Kh4 57. Ke5+
g4 58. Kf6 g5 59. Kg6 Rf3 60. Ra8 g3 61. Rh8+ Kg4 62. Rh5 Rf6+ 63. Kxf6 Kxh5
64. Kg7 64... g2 {VESta resigns} 0-1

[Event "ICS rated blitz match"]
[Site "204.178.125.65"]
[Date "1999.09.20"]
[Round "?"]
[White "Vieri"]
[Black "Hossa"]
[Result "0-1"]
[WhiteElo "2153"]
[BlackElo "2342"]
[PlyCount "64"]
[EventDate "1999.??.??"]

1. e4 c5 2. Nf3 Nc6 3. d4 cxd4 4. Nxd4 e5 5. Nb5 Bc5 6. Nd6+ Bxd6 7. Qxd6 Qf6
8. Qd1 Qg6 9. Nc3 Nge7 10. Qf3 d5 11. Bb5 dxe4 12. Qxe4 Bf5 13. Qxe5 Qxg2 14.
Bxc6+ bxc6 15. Rf1 Bh3 16. Qe2 Qxh2 17. Bg5 O-O 18. Bxe7 Bxf1 19. Qxf1 Rae8 20.
Qe2 Qh1+ 21. Kd2 Qxa1 22. Nd1 Qxa2 23. Nc3 Qxb2 24. f4 Qb7 25. Kc1 Rxe7 26. Qf2
Qb4 27. Qg3 Qa3+ 28. Kd2 Rd8+ 29. Qd3 Rxd3+ 30. cxd3 Qb2+ 31. Kd1 Qxc3 32. f5
32... Re1# {Vieri checkmated} 0-1